Social Control Informal, Legal and Medical / vol. 15

Bibliographic Details
Main Author: Chriss, James J.
Format: eBook
Language:English
Published: Bingley: Emerald Group Publishing Limited, 2010
Subjects:
Online Access:Acceso restringido

MARC

LEADER 00000nam a22000007a 4500
005 20210218235234.0
007 cr|||| ||||
008 210218s2010 us |||||s|||| 00||0 eng d
020 |a 978-0-85724-345-4 
035 |a 32008 
040 |a vLex 
090 |c 11193  |d 11193 
100 1 |a Chriss, James J. 
245 1 0 |a Social Control  |h [Recurso electrn̤ico] :  |b Informal, Legal and Medical /  |c James J. Chriss  |n vol. 15 
256 |a Servicio en ln̕ea 
260 |a Bingley:  |b Emerald Group Publishing Limited,  |c 2010 
300 |a 1 recurso electrn̤ico 
506 1 |a Disponible solo en los productos indicados  |d vLex Global  |d vLex Global (Academic Edition, excluding Law Schools)  |d vLex Global (Academic Edition, Law Schools) 
650 0 4 |a Ciencias sociales  |z Estados Unidos 
740 0 |a vLex Libros (Servicio en ln̕ea) 
856 4 0 |u http://vlex.com/source/32008  |z Acceso restringido 
942 |c BOOK 
999 0 |a Social Sciences